Score 0/177 Timer 10:00
0 Plays Today
% Correct
Verse 1:
100%
Verse 2:
100%
Verse 3:
100%
Verse 4:
100%
Refrain:
100%
great
95%
Thou
95%
art!
95%
great
95%
Thou
95%
art,
95%
great
95%
Thou
95%
art!
95%
great
95%
Thou
95%
art,
95%
great
95%
Thou
95%
art!
95%
how
94.9%
How
94.9%
how
94.9%
How
94.9%
how
94.9%
I
94.5%
I
94.5%
I
94.5%
I
94.5%
I
94.5%
I
94.5%
I
94.5%
I
94.5%
God!
94.4%
God
94.4%
God,
94.4%
God,
94.4%
God,
94.4%
my
94.3%
the
94.3%
the
94.3%
the
94.3%
the
94.3%
the
94.3%
the
94.3%
the
94.3%
the
94.3%
the
94.3%
the
94.3%
my
94.3%
my
94.3%
my
94.3%
my
94.3%
my
94.3%
my
94.3%
my
94.3%
my
94.3%
O
92.5%
in
90.1%
% Correct
in
90.1%
in,
90.1%
in
90.1%
to
90%
to
90%
to
90%
to
90%
When
89.3%
When
89.3%
when
89.3%
when
89.3%
When
89.3%
Lord
88.4%
sin:
88.4%
soul,
88.1%
soul,
88.1%
sing
87.2%
Thee,
87.1%
Thee,
87.1%
Savior
87%
Savior
87%
Then
86.4%
Then
86.4%
Then
86.4%
sings
85.8%
sings
85.8%
He
84.9%
wonder
84.7%
awesome
83.7%
all
83.7%
see
82.7%
Thy
81.4%
hear
81.4%
Thy
81.4%
hear
81.4%
hear
81.4%
thunder,
79.4%
mighty
78.8%
consider
78.7%
made,
78.7%
hand
78.5%
and
78.3%
and
78.3%
and
78.3%
and
78.3%
And
78.3%
and
78.3%
and
78.3%
and
78.3%
hath
77.7%
worlds
75.9%
universe
74.1%
through
73.1%
stars,
72.3%
power
71%
displayed;
69.7%
throughout
68.2%
it
64.7%
shall
63.6%
% Correct
shall
63.6%
shall
63.6%
take
63.5%
take
63.5%
take
63.5%
of
63.4%
me
63%
can
62.5%
on
61.7%
that
61.6%
that
61.6%
die -
61.4%
son
61.3%
his
60.7%
come
60.3%
think
58.5%
away
58.5%
not
58.4%
him
58.2%
cross
57.5%
scarce
56.9%
died
56.6%
adoration
56.1%
Christ
56%
Sent
55%
heart!
55%
with
54.6%
humble
54.5%
what
54.3%
sparing,
53.9%
birds
53.8%
bow
53.4%
bled
53.3%
home-
53.2%
joy
53.2%
proclaim,
52.9%
fill
52.3%
trees;
51.2%
shout
51.1%
gladly
50.6%
burden
50%
bearing,
49.5%
sweetly
48.1%
look
47.9%
there
47.7%
acclamation
47.4%
woods
47.1%
wander
46.1%
down
46.1%
feel
45.5%
forest
45.1%
breeze;
44.8%
glades
43.7%
mountain
42.9%
gentle
42.6%
from
42.3%
grandeur
39.5%
lofty
39.2%
brook,
38.3%
Remove Ads.
Support Sporcle.
Get the best of Sporcle when you Go Orange. This ad-free experience offers more features, more stats, and more fun while also helping to support Sporcle. Thank you for becoming a member.

You're not logged in!

Compare scores with friends on all Sporcle quizzes.
OR
Log In

Show Comments

Extras

Top Quizzes Today


Score Distribution

Your Account Isn't Verified!

In order to create a playlist on Sporcle, you need to verify the email address you used during registration. Go to your Sporcle Settings to finish the process.

Report this User

Report this user for behavior that violates our Community Guidelines.

Details: